| 000 | 01566cam a2200337 a 4500 | ||
|---|---|---|---|
| 001 | 4302 | ||
| 003 | FISKH | ||
| 005 | 20250829144755.0 | ||
| 008 | 080724s2009 mnua c 000 1 eng | ||
| 010 | _a 2008032476 | ||
| 020 | _a9781434211606 (library binding) | ||
| 020 | _a9781434213730 (pbk.) | ||
| 040 |
_aDLC _cDLC _dDLC _beng |
||
| 050 | 0 | 0 | _aPZ7.P87758 |
| 082 | _a813.6 | ||
| 100 | 1 |
_aPowell, Martin, _d1959- |
|
| 245 | 1 | 4 |
_aThe stolen superpowers / _cwritten by Martin Powell ; illustrated by Rick Burchett and Lee Loughridge. |
| 260 |
_aMinneapolis : _bStone Arch Books, _c2009. |
||
| 300 |
_a48 pages : _bcolor illustrations ; _c19 cm |
||
| 490 | 0 | _aDC super heroes. Superman | |
| 500 | _a"Superman created by Jerry Siegel and Joe Shuster." | ||
| 505 | _aQ | ||
| 520 | _aSuperman has his hands full. First, he encounters his cousin, Super girl, a reckless teenager with powers like his own. Then he confronts a creature known as Parasite, who can absorb Superman's strength and super-speed just by touching him. Superman knows enough to not shake hands with the deadly fiend, but Super girl is still learning the ropes. Filled with her power, the Parasite now battles the Man of Steel in a fight that rocks the planet. How can Superman defeat a villain who gets more powerful with each punch? | ||
| 521 |
_a660
_bLexile |
||
| 521 |
_aQ
_bRaz-Plus |
||
| 650 | 1 |
_aSuperheroes _vFiction. |
|
| 700 | 1 |
_aBurchett, Rick, _eillustrator |
|
| 906 |
_a7 _bcbc _corignew _d1 _eecip _f20 _gy-gencatlg |
||
| 942 |
_2ddc _cBK _n0 |
||
| 999 |
_c4302 _d4302 |
||